Kamień Z Napisem Love, Enej - Uzupełnij tekst - Statystyki

Ogólne statystyki
  • Ten quiz został rozwiązany 57 razy
  • Średni wynik to 34 z 53
Statystyki odpowiedzi
tekst brakujące słowo % Poprawnych
Dałem ci ..... z wielkim "love" kamień
100%
Jedyne, co .. mogłem dać ci
96%
To kamień z ....... "love" napisem
96%
No bo kwiaty ...... ..... szybko schną
96%
Jedyne, co .. mogłem dać ci
92%
To kamień z ....... "love" napisem
92%
No bo kwiaty ...... ..... szybko schną
92%
Dałem ci ..... z wielkim "love" kamień
84%
Jedyne, co .. mogłem dać ci
82%
Jedyne, co .. mogłem dać ci
82%
To kamień z ....... "love" napisem
82%
To kamień z ....... "love" napisem
82%
No bo kwiaty ...... ..... szybko schną
82%
No bo kwiaty ...... ..... szybko schną
82%
.. dałem ci kamień z wielkim"love" Ja
80%
.. dałem ci kamień z wielkim"love" Ja
74%
Jedyne, co .. mogłem dać ci
72%
Kupiłbym ......, jedne może dwa korale
72%
To kamień z ....... "love" napisem
72%
Dałem ci ..... z wielkim "love" kamień
70%
To kamień z ....... "love" napisem
70%
No bo kwiaty ...... ..... szybko schną
70%
Jedyne, co .. mogłem dać ci
68%
No bo kwiaty ...... ..... szybko schną
68%
Ale ta historia ma też ..... ... happy end
64%
W ........... dziale, wszystkodrogie tam jubilerskim
64%
Zabrałem ci ...... z wielkim"love" kamień
64%
.. dałem ci kamień z wielkim "love" Ja
62%
Mam już .... złotych, parę
62%
Że on ze ..... był, to chybami się ...! złota śni
62%
I ............ i uwielbiałabyś pokochałabyś
60%
Lecz na .... dalej będzie nic szyi
60%
Teraz mam ........ sto milionów
58%
Zabrałem ci ...... z wielkim "love" kamień
56%
Te ...... za złotych pięć! kwiaty
56%
Teraz mam ........ sto milionów
54%
Dałbym tobie ...... nawet cały kosz kwiatów
52%
zbieram drugą ... noc
52%
Jedno wyjście ......... ..(sorry, mała) pozostało mi
50%
Bo ten ...... kamień,okazało się zwykły
50%
Zabrałem ci ...... z wielkim "love" kamień
48%
Zabrałem ci ...... z wielkim "love" kamień
48%
Te ...... za złotych pięć! kwiaty
48%
Te ...... za złotych pięć! kwiaty
48%
Teraz mam ........ sto milionów
46%
Teraz mam ........ sto milionów
46%
Te ...... za złotych pięć! kwiaty
44%
I ... kochałabyś, ipogłaskałabyś tak
44%
A ..... ... .. chciałaś mieć tobie dam co
42%
A ..... ... .. chciałaś mieć tobie dam co
38%
A ..... ... .. chciałaś mieć tobie dam co
36%
A ..... ... .. chciałaś mieć tobie dam co
36%
Potem z głodu ...... będę gryźć łokcie
30%
Nie znaleziono quizów pasujących do podanych kryteriów
Rozkład punktacji
Procent ludzi z każdym wynikiem
Percentyl według liczby udzielonych odpowiedzi
Twoja historia wyników
Nie rozwiązałeś tego quizu